[Event "40th Olympiad Open"]
[Site "Istanbul TUR"]
[Date "2012.09.04"]
[Round "7.3"]
[White "Balogh, C."]
[Black "Paragua, M."]
[Result "1/2-1/2"]
[WhiteElo "2668"]
[BlackElo "2508"]
[PlyCount "86"]
[EventDate "2012.08.28"]
[SourceDate "1999.07.01"]
[WhiteTeam "Hungary"]
[BlackTeam "Philippines"]
[WhiteTeamCountry "MLT"]
[BlackTeamCountry "NKO"]

1. e4 c6 2. d4 d5 3. e5 Bf5 4. h4 h5 5. c4 e6 6. Nc3 Ne7 7. Nge2 Bg4 8. Bg5 Qb6
9. Qd2 Nd7 10. Ng3 f6 11. exf6 gxf6 12. Be3 Nf5 13. Nxf5 Bxf5 14. cxd5 cxd5 15.
Rc1 Rc8 16. Bd3 Bxd3 17. Qxd3 Kf7 18. O-O Bg7 19. Ne2 f5 20. Nf4 Nf6 21. f3 Qa6
22. Qxa6 bxa6 23. Kf2 a5 24. Ke2 Rhe8 25. Kd3 Bf8 26. Rxc8 Rxc8 27. Rc1 Rxc1
28. Bxc1 a4 29. a3 Bd6 30. Ne2 Nd7 31. Bf4 Be7 32. g3 Nb6 33. Nc3 Bd8 34. Bb8
a6 35. Bf4 Ke8 36. Bh6 Bc7 37. Ne2 Nc4 38. Bc1 Kd7 39. Kc2 Bb6 40. Bd2 Bc7 41.
Bg5 Bb6 42. Bd2 Bc7 43. Bg5 Bb6 1/2-1/2

[Event "40th Olympiad Open"]
[Site "Istanbul TUR"]
[Date "2012.09.05"]
[Round "8.32"]
[White "Dgebuadze, A."]
[Black "Zhang Zhong"]
[Result "1/2-1/2"]
[WhiteElo "2556"]
[BlackElo "2595"]
[PlyCount "119"]
[EventDate "2012.08.28"]
[SourceDate "1999.07.01"]
[WhiteTeam "Belgium"]
[BlackTeam "Singapore"]
[WhiteTeamCountry "BER"]
[BlackTeamCountry "SKI"]

1. e4 c6 2. d4 d5 3. Nc3 dxe4 4. Nxe4 Bf5 5. Ng3 Bg6 6. h4 h6 7. Nf3 Nd7 8. h5
Bh7 9. Bd3 Bxd3 10. Qxd3 e6 11. Bd2 Ngf6 12. O-O-O Be7 13. Kb1 O-O 14. Ne4 Nxe4
15. Qxe4 Nf6 16. Qe2 Qd5 17. Ne5 Qe4 18. Qxe4 Nxe4 19. Be3 Rfd8 20. g4 Rac8 21.
f3 Nd6 22. Rhg1 Bf6 23. c3 b5 24. f4 a5 25. Bc1 a4 26. Rde1 c5 27. g5 hxg5 28.
fxg5 Bxe5 29. dxe5 Nf5 30. Rd1 c4 31. Kc2 Rxd1 32. Rxd1 Ng3 33. h6 Rc5 34. Bf4
Nh5 35. Bh2 gxh6 36. gxh6 Kh7 37. Rd7 Kxh6 38. Rxf7 Kg6 39. Rb7 Ng7 40. Bg1 Rd5
41. b3 Nf5 42. bxc4 bxc4 43. Bd4 Nxd4+ 44. cxd4 Rxd4 45. Kc3 Re4 46. Ra7 Re3+
47. Kxc4 Ra3 48. Kd4 Rxa2 49. Re7 Kf5 50. Rf7+ Kg5 51. Rg7+ Kf4 52. Rf7+ Kg4
53. Rf6 a3 54. Rxe6 Ra1 55. Kc3 Re1 56. Kb3 Kf5 57. Re8 Re3+ 58. Ka2 Rxe5 59.
Rxe5+ Kxe5 60. Kxa3 1/2-1/2

[Event "40th Olympiad Open"]
[Site "Istanbul TUR"]
[Date "2012.09.06"]
[Round "9.8"]
[White "Dvirnyy, D."]
[Black "Berkes, F."]
[Result "0-1"]
[WhiteElo "2520"]
[BlackElo "2685"]
[PlyCount "112"]
[EventDate "2012.08.28"]
[SourceDate "1999.07.01"]
[WhiteTeam "Italy"]
[BlackTeam "Hungary"]
[WhiteTeamCountry "MYA"]
[BlackTeamCountry "MLT"]

1. e4 c6 2. d4 d5 3. Nc3 dxe4 4. Nxe4 Bf5 5. Ng3 Bg6 6. h4 h6 7. Nf3 Nd7 8. h5
Bh7 9. Bd3 Bxd3 10. Qxd3 e6 11. Bd2 Ngf6 12. O-O-O Bd6 13. Ne4 Bc7 14. Rh4 Nxe4
15. Qxe4 Qe7 16. c4 O-O-O 17. Qe2 Rhe8 18. Bc3 Kb8 19. Rhh1 a6 20. Kb1 Qf8 21.
Qc2 Nf6 22. Qe2 Nd7 23. Qc2 Nf6 24. Qe2 Qg8 25. Qc2 Ng4 26. Ne5 Nxe5 27. dxe5
Qf8 28. Qe4 Bb6 29. f4 a5 30. a4 Qc5 31. g4 Ka7 32. Rhf1 g6 33. hxg6 fxg6 34.
Rd6 Rxd6 35. exd6 Qxd6 36. Qxg6 Rg8 37. Be5 Qxe5 38. Qxg8 Qe4+ 39. Ka1 Qd3 40.
Rc1 Bd4 41. Qf8 Qb3 42. Rc3 Bxc3 43. bxc3 Qxc3+ 44. Kb1 Qb3+ 45. Kc1 Qe3+ 46.
Kc2 Qe2+ 47. Kc3 Qe3+ 48. Kc2 Qe2+ 49. Kc3 Qxg4 50. Qc5+ Ka6 51. Qf8 Qg1 52.
Qa8+ Qa7 53. Qf8 Qe3+ 54. Kc2 h5 55. Qa8+ Qa7 56. Qf8 Qd4 0-1

[Event "40th Olympiad Open"]
[Site "Istanbul TUR"]
[Date "2012.09.06"]
[Round "9.9"]
[White "Gopal, G."]
[Black "Pantsulaia, L."]
[Result "0-1"]
[WhiteElo "2550"]
[BlackElo "2575"]
[PlyCount "112"]
[EventDate "2012.08.28"]
[SourceDate "1999.07.01"]
[WhiteTeam "India"]
[BlackTeam "Georgia"]
[WhiteTeamCountry "MRI"]
[BlackTeamCountry "JOR"]

1. e4 c6 2. d4 d5 3. Nd2 dxe4 4. Nxe4 Bf5 5. Ng3 Bg6 6. h4 h6 7. Nf3 Nd7 8. h5
Bh7 9. Bd3 Bxd3 10. Qxd3 e6 11. Bd2 Ngf6 12. O-O-O Bd6 13. Kb1 Bxg3 14. fxg3
O-O 15. Qe2 Qc7 16. Ne5 Rad8 17. g4 Nxe5 18. dxe5 Nh7 19. Rde1 Rd7 20. Rhf1
Rfd8 21. Bc1 Qa5 22. Qf3 Qd5 23. Qg3 Qd4 24. a3 Rd5 25. g5 hxg5 26. Bxg5 Nxg5
27. Qxg5 Rb5 28. b3 Qd2 29. Qf4 Qxf4 30. Rxf4 Rd2 31. Ref1 Rc5 32. Rxf7 Rcxc2
33. h6 Rb2+ 34. Ka1 Ra2+ 35. Kb1 Rdb2+ 36. Kc1 Rxg2 37. Kb1 Rab2+ 38. Ka1 Rxb3
39. hxg7 Rxa3+ 40. Kb1 Rb3+ 41. Kc1 Ra3 42. Kb1 Rag3 43. Rf8+ Kh7 44. Rh8+ Kxg7
45. Rff8 Rg5 46. Rfg8+ Kf7 47. Rb8 b6 48. Rbf8+ Ke7 49. Rd8 Re2 50. Rhe8+ Kf7
51. Rf8+ Kg7 52. Rg8+ Kh6 53. Rh8+ Kg6 54. Rhg8+ Kf5 55. Rdf8+ Kg4 56. Rf1 Rxg8
0-1

[Event "40th Olympiad Open"]
[Site "Istanbul TUR"]
[Date "2012.09.06"]
[Round "9.19"]
[White "Dgebuadze, A."]
[Black "Lupulescu, C."]
[Result "1/2-1/2"]
[WhiteElo "2556"]
[BlackElo "2614"]
[PlyCount "82"]
[EventDate "2012.08.28"]
[SourceDate "1999.07.01"]
[WhiteTeam "Belgium"]
[BlackTeam "Romania"]
[WhiteTeamCountry "BER"]
[BlackTeamCountry "NAU"]

1. e4 c6 2. d4 d5 3. Nc3 dxe4 4. Nxe4 Bf5 5. Ng3 Bg6 6. h4 h6 7. Nf3 Nd7 8. h5
Bh7 9. Bd3 Bxd3 10. Qxd3 e6 11. Bd2 Ngf6 12. O-O-O Be7 13. Kb1 Qb6 14. Ne4 Rd8
15. Qe2 c5 16. dxc5 Nxc5 17. Nxc5 Bxc5 18. Bc3 O-O 19. Bxf6 gxf6 20. Nd2 Bd4
21. Nc4 Qc5 22. a3 f5 23. f4 Rd5 24. Rh3 Rfd8 25. Rb3 b6 26. a4 Qc6 27. Ne3
R5d7 28. Qb5 Qxb5 29. axb5 Bxe3 30. Rxd7 Rxd7 31. Rxe3 Rd1+ 32. Ka2 Rd2 33. c4
Rc2 34. Rg3+ Kf8 35. Kb3 Rf2 36. c5 bxc5 37. Kc4 Rc2+ 38. Rc3 Rxb2 39. Kxc5 Ra2
40. g3 Ke7 41. Kc6 Ra1 1/2-1/2

[Event "14th Trieste Open A"]
[Site "Trieste ITA"]
[Date "2012.09.08"]
[Round "9"]
[White "Baklan, V."]
[Black "David, Alb"]
[Result "1/2-1/2"]
[WhiteElo "2610"]
[BlackElo "2599"]
[PlyCount "42"]
[EventDate "2012.09.01"]
[SourceDate "1999.07.01"]

1. e4 c6 2. d4 d5 3. e5 c5 4. Nf3 Bg4 5. dxc5 Nc6 6. c3 e6 7. b4 Bxf3 8. Qxf3
Nxe5 9. Bb5+ Nc6 10. O-O Nf6 11. Bf4 Be7 12. Nd2 O-O 13. a3 Nd7 14. Nb3 Bf6 15.
Rad1 Qc8 16. Bd6 Rd8 17. Rfe1 Nde5 18. Qg3 Ng6 19. c4 Nce7 20. cxd5 Nxd5 21.
Bc4 Nge7 1/2-1/2

[Event "40th Olympiad Open"]
[Site "Istanbul TUR"]
[Date "2012.08.29"]
[Round "2.11"]
[White "Gagunashvili, M."]
[Black "Khenkin, I."]
[Result "1/2-1/2"]
[WhiteElo "2578"]
[BlackElo "2656"]
[PlyCount "60"]
[EventDate "2012.08.28"]
[SourceDate "1999.07.01"]
[WhiteTeam "Georgia"]
[BlackTeam "Germany"]
[WhiteTeamCountry "JOR"]
[BlackTeamCountry "KAZ"]

1. e4 c6 2. d4 d5 3. e5 c5 4. dxc5 e6 5. Be3 Nh6 6. Bxh6 gxh6 7. Nf3 Nc6 8. Qd2
Bd7 9. c4 Qc7 10. cxd5 Nxe5 11. Be2 Nxf3+ 12. Bxf3 Qe5+ 13. Qe2 Qxe2+ 14. Kxe2
Bb5+ 15. Kd2 Bxc5 16. Nc3 Ba6 17. Be2 exd5 18. Bxa6 bxa6 19. Rhe1+ Kf8 20. Ke2
Rg8 21. Kf1 Rb8 22. Re2 Bd4 23. Rd1 Bxc3 24. bxc3 Rg5 25. g3 Rf5 26. Kg2 Rb5
27. Rd4 Rc5 28. Re3 Rf6 29. Red3 Rfc6 30. Rxd5 Rxd5 1/2-1/2

[Event "40th Olympiad Open"]
[Site "Istanbul TUR"]
[Date "2012.08.29"]
[Round "2.16"]
[White "Svetushkin, D."]
[Black "Barbosa, O PHI."]
[Result "1/2-1/2"]
[WhiteElo "2569"]
[BlackElo "2554"]
[PlyCount "105"]
[EventDate "2012.08.28"]
[SourceDate "1999.07.01"]
[WhiteTeam "Moldova"]
[BlackTeam "Philippines"]
[WhiteTeamCountry "SUI"]
[BlackTeamCountry "NKO"]

1. e4 c6 2. d4 d5 3. e5 Bf5 4. Nf3 e6 5. Be2 Nd7 6. O-O Ne7 7. Nbd2 Nc8 8. a4
a6 9. Ne1 Bg6 10. f4 h5 11. g3 Ne7 12. Nb3 Nf5 13. Bd2 c5 14. c3 Rc8 15. a5 Be7
16. Nf3 Qc7 17. Rf2 f6 18. Qe1 fxe5 19. fxe5 O-O 20. Bf4 b5 21. Qd2 Qa7 22. Bg5
cxd4 23. cxd4 Nb8 24. Raf1 Nc6 25. Bxe7 Qxe7 26. Ng5 Nfxd4 27. Rxf8+ Rxf8 28.
Rxf8+ Kxf8 29. Nxd4 Nxd4 30. Qxd4 Qxg5 31. Qf4+ Qxf4 32. gxf4 Ke7 33. Kf2 d4
34. h4 Kd7 35. Bf3 b4 36. Be2 d3 37. Bf3 Kc7 38. Ke3 Kc8 39. Kd4 Kc7 40. Ke3
Bf5 41. Bxh5 Kc6 42. Kd4 Kb5 43. Bd1 Kxa5 44. Kc5 g6 45. h5 gxh5 46. Bxh5 Bh3
47. Bd1 d2 48. b3 Bf5 49. Kc4 Bg6 50. Kc5 Bf5 51. Kc4 Bg6 52. Kc5 Bf5 53. Kd4
1/2-1/2

[Event "40th Olympiad Open"]
[Site "Istanbul TUR"]
[Date "2012.08.29"]
[Round "2.17"]
[White "Vajda, Le"]
[Black "Shengelia, D."]
[Result "0-1"]
[WhiteElo "2612"]
[BlackElo "2545"]
[PlyCount "74"]
[EventDate "2012.08.28"]
[SourceDate "1999.07.01"]
[WhiteTeam "Romania"]
[BlackTeam "Austria"]
[WhiteTeamCountry "NAU"]
[BlackTeamCountry "BAH"]

1. e4 c6 2. d4 d5 3. e5 Bf5 4. Nf3 e6 5. Be2 Ne7 6. O-O Bg6 7. a4 c5 8. dxc5
Nec6 9. c3 Bxc5 10. b4 Bb6 11. Bg5 Qc8 12. Na3 Nd7 13. Nb5 O-O 14. c4 dxc4 15.
Nd6 Qb8 16. Nxc4 Bd8 17. Bf4 Bc7 18. Rc1 Bh5 19. b5 Bxf3 20. Bxf3 Ncxe5 21.
Nxe5 Bxe5 22. Bxe5 Nxe5 23. Be4 f5 24. Bb1 Ng4 25. g3 Kh8 26. Qd7 Qe5 27. Qxb7
h5 28. Qc7 Qf6 29. Qc3 Qh6 30. h3 Nf6 31. Qe5 h4 32. Rc4 hxg3 33. fxg3 Nh7 34.
Rh4 Qg5 35. Ba2 Rad8 36. Bxe6 Rfe8 37. Rf2 Rxe6 0-1

[Event "40th Olympiad Open"]
[Site "Istanbul TUR"]
[Date "2012.08.30"]
[Round "3.9"]
[White "Ghaem Maghami, E."]
[Black "Khenkin, I."]
[Result "0-1"]
[WhiteElo "2579"]
[BlackElo "2656"]
[PlyCount "83"]
[EventDate "2012.08.28"]
[SourceDate "1999.07.01"]
[WhiteTeam "Iran"]
[BlackTeam "Germany"]
[WhiteTeamCountry "MDA"]
[BlackTeamCountry "KAZ"]

1. e4 c6 2. d4 d5 3. Nd2 dxe4 4. Nxe4 Bf5 5. Ng3 Bg6 6. Nh3 Nf6 7. Nf4 Nbd7 8.
c3 Qc7 9. Bc4 Nb6 10. Bb3 e6 11. Qf3 Bd6 12. Nxg6 hxg6 13. Bg5 Nbd5 14. Bxd5
Nxd5 15. Ne4 Be7 16. Bxe7 Kxe7 17. g3 Rh5 18. O-O-O Nf6 19. Nc5 g5 20. Rde1 g4
21. Qg2 Rah8 22. Kb1 Nd7 23. Nd3 Qa5 24. Nf4 Qf5+ 25. Ka1 R5h6 26. d5 cxd5 27.
Nxd5+ Kd8 28. Ne3 Qf3 29. h4 g5 30. Qxf3 gxf3 31. Ng4 Rh5 32. Rd1 Ke7 33. Rxd7+
Kxd7 34. Nf6+ Kc6 35. Nxh5 Rxh5 36. Kb1 e5 37. Kc2 e4 38. Re1 Kd5 39. c4+ Ke5
40. Rd1 e3 41. fxe3 gxh4 42. gxh4 0-1

[Event "40th Olympiad Open"]
[Site "Istanbul TUR"]
[Date "2012.09.01"]
[Round "5.10"]
[White "Cubas, Jo"]
[Black "Illescas Cordoba, M."]
[Result "0-1"]
[WhiteElo "2507"]
[BlackElo "2601"]
[PlyCount "54"]
[EventDate "2012.08.28"]
[SourceDate "1999.07.01"]
[WhiteTeam "Paraguay"]
[BlackTeam "Spain"]
[WhiteTeamCountry "COM"]

1. e4 c6 2. d4 d5 3. e5 c5 4. dxc5 Nc6 5. Nf3 Bg4 6. Nbd2 e6 7. Nb3 Bxc5 8.
Nxc5 Qa5+ 9. c3 Qxc5 10. Be3 Qe7 11. Bb5 Qc7 12. Qa4 Bxf3 13. gxf3 Nge7 14. f4
O-O 15. Bc5 Rfc8 16. O-O-O Nf5 17. Bd3 Nce7 18. Bxe7 Nxe7 19. Rhg1 b5 20. Qc2
b4 21. Bxh7+ Kf8 22. Rd3 Qc4 23. Rd4 Qxd4 24. cxd4 g6 25. Kd2 Rxc2+ 26. Kxc2
Rc8+ 27. Kd3 Ra8 0-1

[Event "40th Olympiad Open"]
[Site "Istanbul TUR"]
[Date "2012.09.01"]
[Round "5.20"]
[White "Dervishi, E."]
[Black "Solak, D."]
[Result "1/2-1/2"]
[WhiteElo "2538"]
[BlackElo "2599"]
[PlyCount "81"]
[EventDate "2012.08.28"]
[SourceDate "1999.07.01"]
[WhiteTeam "Albania"]
[BlackTeam "Turkey"]
[WhiteTeamCountry "AFG"]
[BlackTeamCountry "GAB"]

1. e4 c6 2. d4 d5 3. Nc3 dxe4 4. Nxe4 Bf5 5. Ng3 Bg6 6. h4 h6 7. Nf3 Nd7 8. h5
Bh7 9. Bd3 Bxd3 10. Qxd3 e6 11. Bf4 Qa5+ 12. Bd2 Bb4 13. c3 Bd6 14. c4 Qc7 15.
Ne4 Ngf6 16. g3 Nxe4 17. Qxe4 Nf6 18. Qe2 O-O 19. O-O-O Rfe8 20. Kb1 c5 21. Bc3
Rad8 22. Ne5 cxd4 23. Bxd4 Bxe5 24. Bxe5 Qc6 25. f3 Rxd1+ 26. Rxd1 Nxh5 27. Rh1
f6 28. Rxh5 fxe5 29. Rxe5 Kf7 30. a3 Rd8 31. f4 Rd4 32. c5 Qd7 33. Qf3 Rd3 34.
Re3 Rxe3 35. Qxe3 Qd1+ 36. Ka2 Qd5+ 37. b3 Kf6 38. Kb2 e5 39. Kc3 exf4 40.
Qxf4+ Ke6 41. Qg4+ 1/2-1/2

[Event "12th World Uni Men"]
[Site "Guimaraes POR"]
[Date "2012.08.22"]
[Round "5.4"]
[White "Czarnota, P."]
[Black "Bulski, K."]
[Result "1/2-1/2"]
[WhiteElo "2535"]
[BlackElo "2544"]
[PlyCount "61"]
[EventDate "2012.08.20"]
[SourceDate "1999.07.01"]

1. e4 c6 2. d4 d5 3. Nc3 dxe4 4. Nxe4 Bf5 5. Ng3 Bg6 6. h4 h6 7. Nf3 Nd7 8. h5
Bh7 9. Bd3 Bxd3 10. Qxd3 e6 11. Bd2 Ngf6 12. O-O-O Qc7 13. Ne4 O-O-O 14. g3
Nxe4 15. Qxe4 Nf6 16. Qe2 Bd6 17. c4 c5 18. Bc3 cxd4 19. Nxd4 a6 20. Nf3 Qc6
21. Ne5 Bxe5 22. Bxe5 Rxd1+ 23. Rxd1 Rd8 24. Rxd8+ Kxd8 25. Bxf6+ gxf6 26. b3
Ke7 27. Kb2 Kf8 28. g4 Kg7 29. f3 Qd6 30. Qe3 Qh2+ 31. Ka3 1/2-1/2

[Event "11th Lichtenberger Sommer 2012"]
[Site "Berlin GER"]
[Date "2012.08.26"]
[Round "9.1"]
[White "Rabiega, R."]
[Black "Teske, H."]
[Result "1/2-1/2"]
[WhiteElo "2505"]
[BlackElo "2537"]
[PlyCount "22"]
[EventDate "2012.08.18"]
[SourceDate "1999.07.01"]

1. e4 c6 2. d4 d5 3. Nd2 dxe4 4. Nxe4 Bf5 5. Ng3 Bg6 6. Nh3 e6 7. Nf4 Bd6 8. h4
Bxf4 9. Bxf4 h6 10. c3 Nf6 11. Qb3 Nd5 1/2-1/2

[Event "ZMDI Open A 2012"]
[Site "Dresden GER"]
[Date "2012.08.23"]
[Round "6"]
[White "Kovchan, A."]
[Black "Prohaszka, P2."]
[Result "1/2-1/2"]
[WhiteElo "2576"]
[BlackElo "2563"]
[PlyCount "73"]
[EventDate "2012.08.18"]
[SourceDate "1999.07.01"]

1. e4 c6 2. d4 d5 3. Nc3 dxe4 4. Nxe4 Bf5 5. Ng3 Bg6 6. Nf3 e6 7. Bc4 Nd7 8.
O-O Ngf6 9. Re1 Be7 10. Nh4 O-O 11. c3 c5 12. Nxg6 hxg6 13. dxc5 Bxc5 14. Qe2
Rc8 15. Bb3 Qc7 16. Bg5 Bd6 17. Rad1 Bf4 18. Bxf4 Qxf4 19. Ne4 Nxe4 20. Qxe4
Qc7 21. Qh4 Nc5 22. Rd4 Rfd8 23. Red1 Rxd4 24. Qxd4 Qb6 25. Rd2 Qa6 26. Bd1 b5
27. h4 Nb7 28. Qf4 Qxa2 29. Rd7 e5 30. Qxe5 Nc5 31. Rd5 Qb1 32. Qe2 a6 33. Kh2
Qe4 34. Qxe4 Nxe4 35. f3 Nc5 36. Rd6 Kf8 37. Kg3 1/2-1/2

[Event "Husek Vienna Open A"]
[Site "Vienna AUT"]
[Date "2012.08.18"]
[Round "6"]
[White "Stevic, H."]
[Black "Michalik, P."]
[Result "1/2-1/2"]
[WhiteElo "2614"]
[BlackElo "2508"]
[PlyCount "70"]
[EventDate "2012.08.13"]
[SourceDate "1999.07.01"]

1. e4 c6 2. d4 d5 3. Nc3 dxe4 4. Nxe4 Bf5 5. Ng3 Bg6 6. Nh3 e6 7. c3 Bd6 8. Nf4
Qh4 9. Ngh5 Bxh5 10. Qxh5 Qxh5 11. Nxh5 g6 12. Ng3 Nf6 13. Bh6 Nbd7 14. f3 Nd5
15. Ne4 Bf4 16. Bxf4 Nxf4 17. c4 f5 18. Nc3 e5 19. dxe5 Nxe5 20. O-O-O Ke7 21.
g3 Ne6 22. f4 Ng4 23. Re1 Kf7 24. Be2 Nf6 25. Bd1 Rad8 26. Re5 Nd7 27. Re3 Ndc5
28. Bc2 Nd4 29. Rhe1 Rd7 30. b4 Nce6 31. c5 a5 32. a3 Rhd8 33. Bd3 axb4 34.
axb4 Nb3+ 35. Kb2 Rxd3 1/2-1/2

[Event "2nd Riga Tech Open"]
[Site "Riga LAT"]
[Date "2012.08.09"]
[Round "5.4"]
[White "Fier, A."]
[Black "Rausis, I."]
[Result "1-0"]
[WhiteElo "2582"]
[BlackElo "2507"]
[PlyCount "61"]
[EventDate "2012.08.06"]
[SourceDate "1999.07.01"]

1. e4 c6 2. d4 d5 3. e5 Bf5 4. Nc3 a6 5. Be3 e6 6. g4 Bg6 7. Nge2 f6 8. Nf4 Bf7
9. Nd3 Nd7 10. f4 h5 11. g5 Bg6 12. gxf6 gxf6 13. Bh3 Qe7 14. Rg1 Bf7 15. Qe2
O-O-O 16. O-O-O Nh6 17. Na4 Ng4 18. Bd2 Bg6 19. Nb4 Nb8 20. Rg3 Qc7 21. exf6
Bf5 22. Nd3 Nd7 23. Qe1 Ngxf6 24. Ba5 b6 25. Nxb6+ Nxb6 26. Bxf5 exf5 27. Ne5
Re8 28. Rb3 Nfd7 29. Bxb6 Nxb6 30. Qa5 Kb7 31. Nd7 1-0

[Event "45th Biel Masters Open"]
[Site "Biel SUI"]
[Date "2012.07.31"]
[Round "8"]
[White "Movsesian, S."]
[Black "Turov, M."]
[Result "1-0"]
[WhiteElo "2698"]
[BlackElo "2642"]
[PlyCount "93"]
[EventDate "2012.07.23"]
[SourceDate "1999.07.01"]

1. e4 c6 2. d4 d5 3. e5 Bf5 4. Nf3 e6 5. Be2 Ne7 6. O-O Bg6 7. Nbd2 h6 8. Nb3
Nd7 9. Bd2 Nf5 10. a4 Be7 11. a5 a6 12. Bd3 c5 13. dxc5 Bxc5 14. Nxc5 Nxc5 15.
Bxf5 Bxf5 16. Bb4 Rc8 17. Nd4 Bg6 18. Ra3 O-O 19. Rc3 b6 20. Qa1 Re8 21. Qa3
Nd7 22. Nc6 Rxc6 23. Rxc6 Nxe5 24. Rd6 Qa8 25. b3 bxa5 26. Bxa5 Rc8 27. Qa1 Ng4
28. c4 Kh7 29. Qd4 Nf6 30. Rc1 Ne4 31. Rb6 dxc4 32. bxc4 Nc5 33. h3 Be4 34. f3
Bg6 35. Rd1 Qa7 36. Rb2 Qe7 37. Bb4 Rc6 38. Bxc5 Rxc5 39. Rb7 Qg5 40. h4 Qf5
41. Rc1 h5 42. Rb8 f6 43. Rb7 Be8 44. Re7 Bb5 45. Kh2 Rc8 46. c5 Qd5 47. Qxf6
1-0

[Event "45th Biel Masters Open"]
[Site "Biel SUI"]
[Date "2012.08.02"]
[Round "10"]
[White "Khairullin, I."]
[Black "Turov, M."]
[Result "1/2-1/2"]
[WhiteElo "2631"]
[BlackElo "2642"]
[PlyCount "49"]
[EventDate "2012.07.23"]
[SourceDate "1999.07.01"]

1. e4 c6 2. d4 d5 3. e5 Bf5 4. Nf3 e6 5. Be2 Ne7 6. O-O Bg6 7. Nbd2 h6 8. Nb3
Nd7 9. a4 Nf5 10. a5 a6 11. c4 Be7 12. cxd5 cxd5 13. Ne1 O-O 14. Bd2 b6 15. Be3
bxa5 16. Nxa5 Qc7 17. Nd3 f6 18. Nf4 Bf7 19. Bg4 fxe5 20. dxe5 g6 21. Bxf5 gxf5
22. Nd3 Qb6 23. Nb3 Kh7 24. Nd4 a5 25. Ra4 1/2-1/2

[Event "45th Biel Masters Open"]
[Site "Biel SUI"]
[Date "2012.08.03"]
[Round "11"]
[White "Kurnosov, I."]
[Black "Postny, E."]
[Result "1-0"]
[WhiteElo "2663"]
[BlackElo "2653"]
[PlyCount "119"]
[EventDate "2012.07.23"]
[SourceDate "1999.07.01"]

1. e4 c6 2. d4 d5 3. e5 Bf5 4. Nf3 e6 5. Be2 c5 6. O-O Nc6 7. c3 cxd4 8. Nxd4
Nge7 9. Nxf5 Nxf5 10. Bd3 g6 11. Qe2 Qc7 12. Re1 Bg7 13. Bf4 Nfe7 14. Nd2 h6
15. Bg3 g5 16. c4 h5 17. cxd5 Nxd5 18. h3 O-O-O 19. Rac1 Kb8 20. Nb3 Qb6 21.
Qf3 Nf4 22. Be4 Nxe5 23. Bxf4 gxf4 24. Qxf4 Qd6 25. Qg3 Bh6 26. Rc5 Nd3 27.
Qxd6+ Rxd6 28. Bxd3 Rxd3 29. Rxh5 Bg7 30. Rb5 b6 31. Re2 Rc8 32. Rg5 Bf8 33. g3
a5 34. Rg4 Rcd8 35. Kg2 Kb7 36. h4 Bh6 37. Rc4 Rc8 38. Rd4 Rd8 39. Rc4 Rc8 40.
Rxc8 Kxc8 41. f4 Bg7 42. h5 Rd1 43. Rc2+ Kd7 44. Nd2 e5 45. fxe5 Bxe5 46. Nc4
Ke6 47. Re2 f6 48. Kh3 Rd4 49. b3 Kf5 50. g4+ Kf4 51. Rf2+ Ke4 52. Nxe5 Kxe5
53. h6 Ke6 54. Kh4 Kf7 55. h7 Kg7 56. Rxf6 Rb4 57. Rf7+ Kh8 58. Kh5 Rd4 59. g5
Rd2 60. Kh6 1-0

[Event "20th Montcada Open"]
[Site "Montcada i Reixac ESP"]
[Date "2012.06.28"]
[Round "4.2"]
[White "Cuartas, Ja"]
[Black "Burmakin, V."]
[Result "1/2-1/2"]
[WhiteElo "2523"]
[BlackElo "2586"]
[PlyCount "44"]
[EventDate "2012.06.25"]
[SourceDate "1999.07.01"]

1. e4 c6 2. d4 d5 3. Nc3 dxe4 4. Nxe4 Bf5 5. Ng3 Bg6 6. h4 h6 7. Nf3 Nd7 8. h5
Bh7 9. Bd3 Bxd3 10. Qxd3 e6 11. Bd2 Qc7 12. O-O-O O-O-O 13. Qe2 Bd6 14. Ne4 Bf4
15. Kb1 Ngf6 16. g3 Bxd2 17. Nexd2 Nb6 18. c3 c5 19. dxc5 Qxc5 20. Ne5 Qe7 21.
f4 Nfd7 22. Ndf3 Nxe5 1/2-1/2

[Event "20th Montcada Open"]
[Site "Montcada i Reixac ESP"]
[Date "2012.07.02"]
[Round "8.1"]
[White "Quesada Perez, Yu"]
[Black "Burmakin, V."]
[Result "1/2-1/2"]
[WhiteElo "2625"]
[BlackElo "2586"]
[PlyCount "71"]
[EventDate "2012.06.25"]
[SourceDate "1999.07.01"]

1. e4 c6 2. d4 d5 3. e5 Bf5 4. Nf3 e6 5. Be2 Nd7 6. O-O h6 7. Nbd2 Ne7 8. Nb3
Bh7 9. Bd2 Ng6 10. c4 dxc4 11. Bxc4 Be7 12. Re1 O-O 13. Bd3 Nb6 14. Qc2 Nd5 15.
h4 Re8 16. h5 Nf8 17. Bxh7+ Nxh7 18. Re4 Rc8 19. Rg4 Kh8 20. Rg3 b6 21. Re1 c5
22. dxc5 Bxc5 23. Nxc5 Rxc5 24. Qa4 Rc7 25. Qg4 Rg8 26. Nd4 Ne7 27. Bb4 Qd5 28.
b3 Nc6 29. Nxc6 Rxc6 30. Be7 Qd2 31. Rd1 Rc1 32. Rxc1 Qxc1+ 33. Kh2 Qc7 34. Bd6
Qd7 35. Rc3 Nf6 36. Qa4 1/2-1/2

[Event "CECLUB 1st Div GpB 2012"]
[Site "Don Benito ESP"]
[Date "2012.08.03"]
[Round "5"]
[White "Vallejo Pons, F."]
[Black "Khenkin, I."]
[Result "1/2-1/2"]
[WhiteElo "2697"]
[BlackElo "2669"]
[PlyCount "101"]
[EventDate "2012.07.30"]
[SourceDate "1999.07.01"]
[WhiteTeam "C.E. SOCIETAT CORAL COLON DE SABADELL"]
[BlackTeam "C.A. AJOBLANCO-CIUDAD DE DON BENITO"]

1. e4 c6 2. d4 d5 3. e5 c5 4. dxc5 e6 5. Be3 Nh6 6. Nf3 Nf5 7. Bg5 Qc7 8. Bd3
h6 9. Bc1 Bxc5 10. Nc3 O-O 11. Bxf5 exf5 12. Nxd5 Qd8 13. b4 Be6 14. c4 Bxd5
15. cxd5 Bxb4+ 16. Kf1 Bc3 17. Rb1 Nd7 18. Bb2 Bxb2 19. Rxb2 Re8 20. Re2 Qc7
21. Qd4 Qc1+ 22. Re1 Qa3 23. h4 Qxa2 24. g3 Rac8 25. Kg2 Qc4 26. e6 fxe6 27.
dxe6 Nf8 28. e7 Ng6 29. Qxa7 Rxe7 30. h5 Rxe1 31. Rxe1 Nf8 32. Qxb7 Rc7 33. Qb1
Qf7 34. Re5 Qxh5 35. Rxf5 Qe8 36. Qb3+ Kh7 37. Qd3 g6 38. Rf6 Rf7 39. Qe3 Qd7
40. Rxf7+ Qxf7 41. Ne5 Qe7 42. Qe4 Kg7 43. Qd4 Ne6 44. Qd3 Nf8 45. Qc3 Kh7 46.
Ng4 Qe4+ 47. f3 Qe2+ 48. Kg1 Nd7 49. Qc1 g5 50. Qb1+ Kg7 51. Qf5 1/2-1/2

[Event "30th Andorra Open"]
[Site "Erts-La Massana AND"]
[Date "2012.07.25"]
[Round "5.4"]
[White "Solodovnichenko, Y."]
[Black "Alonso Rosell, A."]
[Result "1-0"]
[WhiteElo "2598"]
[BlackElo "2502"]
[PlyCount "93"]
[EventDate "2012.07.21"]
[SourceDate "1999.07.01"]

1. e4 c6 2. d4 d5 3. e5 Bf5 4. Nf3 e6 5. Be2 Nd7 6. O-O Bg6 7. Nbd2 Nh6 8. Nb3
Be7 9. Bd2 a5 10. a4 O-O 11. c4 Nf5 12. cxd5 cxd5 13. Bb5 Bh5 14. Bxa5 Rxa5 15.
Nxa5 Qxa5 16. Bxd7 Nh4 17. Kh1 Qb6 18. a5 Qd8 19. Bb5 Bxf3 20. gxf3 Bb4 21. a6
bxa6 22. Rxa6 Qg5 23. Rg1 Qf5 24. Bd3 Qf4 25. Rg4 Qxf3+ 26. Qxf3 Nxf3 27. Rg3
Ne1 28. Bb1 g6 29. Ra4 Bd2 30. Rga3 Bc1 31. Ra8 Bxb2 32. Rxf8+ Kxf8 33. Re3
Bxd4 34. Rxe1 Bxf2 35. Re2 Bd4 36. Kg2 Kg7 37. Kf1 Bc3 38. Kf2 Kg8 39. Kf3 Kg7
40. Kf4 Bd4 41. Bd3 h6 42. Bb5 Bc3 43. h4 Bd4 44. Rc2 Bg1 45. Bd7 Kf8 46. Bxe6
fxe6 47. Rg2 1-0

[Event "23rd Czech Open A"]
[Site "Pardubice CZE"]
[Date "2012.07.28"]
[Round "9.3"]
[White "Nisipeanu, LD."]
[Black "Lalith, B."]
[Result "1/2-1/2"]
[WhiteElo "2648"]
[BlackElo "2529"]
[PlyCount "129"]
[EventDate "2012.07.12"]
[SourceDate "1999.07.01"]

1. e4 c6 2. d4 d5 3. exd5 cxd5 4. c4 Nf6 5. Nc3 Nc6 6. Bg5 e6 7. Nf3 Be7 8. c5
O-O 9. Bb5 Ne4 10. Bxe7 Nxe7 11. Qc2 Qa5 12. Bd3 Nxc3 13. bxc3 h6 14. O-O b6
15. Rfb1 Ba6 16. Ne5 Bxd3 17. Nxd3 bxc5 18. Nxc5 Rab8 19. Na4 Rxb1+ 20. Rxb1
Rc8 21. Nc5 g6 22. g3 e5 23. Rb7 Nf5 24. Qb3 exd4 25. Qxd5 Rf8 26. cxd4 Qe1+
27. Kg2 Qe2 28. Qe4 Qxa2 29. Nd7 Qa6 30. Rc7 Qd6 31. Rxa7 Rd8 32. Ne5 Qxd4 33.
Qxd4 Rxd4 34. Nxf7 Kf8 35. Ne5 Rd6 36. Rf7+ Kg8 37. Ra7 Re6 38. f4 Nd4 39. Rd7
Nc6 40. Ng4 h5 41. Nf2 Kf8 42. Nd3 Ke8 43. Rc7 Rd6 44. Nf2 Re6 45. Kh3 Ne7 46.
Rc2 Nf5 47. Rd2 Ke7 48. Nd3 Re3 49. Kg2 Kf6 50. Kf2 Re4 51. Ra2 Rd4 52. Nc5 h4
53. Kf3 hxg3 54. hxg3 Rc4 55. Ra6+ Kf7 56. Ra7+ Kg8 57. Ne4 Rb4 58. Nf6+ Kf8
59. Nh7+ Kg8 60. Nf6+ Kf8 61. Ra3 Kg7 62. Nd7 g5 63. fxg5 Kg6 64. Ra5 Kxg5 65.
Nc5 1/2-1/2